[Event "Titled Tuesday intern op 28th Jan Early"]
[Site "Chess.com INT"]
[Date "2025.01.28"]
[Round "11"]
[White "Durarbayli, Vasif"]
[Black "Mousavi, Seyed Khalil"]
[Result "1/2-1/2"]
[WhiteElo "2614"]
[BlackElo "2479"]
[PlyCount "99"]
[EventDate "2025.01.28"]
[EventType "swiss (blitz)"]
[EventRounds "11"]
[EventCountry "USA"]
[SourceTitle "CB06_2025"]
[SourceDate "2025.02.05"]
[SourceVersion "1"]
[SourceVersionDate "2025.02.05"]
[SourceQuality "1"]

1. e4 c5 2. Nf3 d6 3. d4 cxd4 4. Nxd4 Nf6 5. Nc3 a6 6. Be2 e6 7. Be3 Be7 8. g4 b5 9. a3 Bb7 10. f3 Nc6 11. Nxc6 Bxc6 12. Qd4 Nd7 13. Qxg7 Bf6 14. Qh6 Qe7 15. h4 Rc8 16. Bg5 Bxg5 17. Qxg5 f6 18. Qd2 Ne5 19. 0-0-0 Rd8 20. f4 Nf7 21. g5 e5 22. Bh5 0-0 23. f5 d5 24. exd5 Bb7 25. Bxf7+ Qxf7 26. Ne4 Rxd5 27. Nxf6+ Qxf6 28. gxf6 Rxd2 29. Kxd2 Bxh1 30. Rxh1 Rxf6 31. Rf1 Rd6+ 32. Kc3 Kf7 33. Kb4 Kf6 34. Ka5 e4 35. a4 bxa4 36. Kxa4 e3 37. Kb3 Rd4 38. h5 Rh4 39. Kc3 Rxh5 40. Kd3 Rxf5 41. Ra1 Rf2 42. Rxa6+ Kf5 43. Rh6 Rd2+ 44. Kxe3 Rxc2 45. Rxh7 Rxb2 46. Rd7 Rb5 47. Rd3 Re5+ 48. Kd2 Ke6 49. Re3 Rxe3 50. Kxe3 1/2-1/2

[Event "Titled Tuesday intern op 28th Jan Early"]
[Site "Chess.com INT"]
[Date "2025.01.28"]
[Round "3"]
[White "Fedorov, Artem Alek"]
[Black "Mousavi, Seyed Khalil"]
[Result "0-1"]
[WhiteElo "2236"]
[BlackElo "2479"]
[PlyCount "54"]
[EventDate "2025.01.28"]
[EventType "swiss (blitz)"]
[EventRounds "11"]
[EventCountry "USA"]
[SourceTitle "CB06_2025"]
[SourceDate "2025.02.05"]
[SourceVersion "1"]
[SourceVersionDate "2025.02.05"]
[SourceQuality "1"]

1. e4 c5 2. Nf3 d6 3. d4 cxd4 4. Qxd4 Nf6 5. Nc3 Nc6 6. Bb5 Bd7 7. Bxc6 Bxc6 8. Bg5 e6 9. 0-0-0 Be7 10. Rhe1 h6 11. Bh4 g5 12. Bg3 e5 13. Nxe5 dxe5 14. Qxe5 Qb6 15. Nd5 Bxd5 16. exd5 0-0 17. Qxe7 Rac8 18. Qa3 Rfd8 19. d6 Qc6 20. Qb3 Ne4 21. Be5 Nc5 22. Qc3 Qa4 23. Bh8 Ne6 24. Qd3 Kxh8 25. d7 Rxd7 26. Qe2 Rxc2+ 27. Qxc2 Rc7 0-1

[Event "Titled Tuesday intern op 28th Jan Early"]
[Site "Chess.com INT"]
[Date "2025.01.28"]
[Round "7"]
[White "Jaiveer, Mahendru"]
[Black "Mousavi, Seyed Khalil"]
[Result "0-1"]
[WhiteElo "2251"]
[BlackElo "2479"]
[PlyCount "136"]
[EventDate "2025.01.28"]
[EventType "swiss (blitz)"]
[EventRounds "11"]
[EventCountry "USA"]
[SourceTitle "CB06_2025"]
[SourceDate "2025.02.05"]
[SourceVersion "1"]
[SourceVersionDate "2025.02.05"]
[SourceQuality "1"]

1. d4 Nf6 2. Nf3 b6 3. Bf4 Bb7 4. e3 Nh5 5. Bg5 h6 6. Bh4 g5 7. Ne5 Ng7 8. Bg3 d6 9. Nd3 h5 10. h4 Nf5 11. hxg5 Nxg3 12. fxg3 Rg8 13. Qxh5 e6 14. Nc3 Nd7 15. Kd2 Rxg5 16. Qh4 Be7 17. Be2 c5 18. Rhf1 cxd4 19. exd4 Nf6 20. Rf2 Rg8 21. Qh3 Rc8 22. Raf1 Rxc3 23. bxc3 Rxg3 24. Qh8+ Rg8 25. Qxg8+ Nxg8 26. Rxf7 Nf6 27. R1xf6 Bxf6 28. Rxb7 Bg5+ 29. Kd1 Qc8 30. Rg7 Bh6 31. Rh7 Bf8 32. Nf4 e5 33. Bb5+ Kd8 34. Rd7+ Qxd7 35. Bxd7 Kxd7 36. Nd3 e4 37. Nf4 Bh6 38. Ne2 Ke6 39. Ng3 d5 40. c4 Bf4 41. Ne2 Bd6 42. Nc3 dxc4 43. Nxe4 Bf4 44. c3 Kd5 45. Nd2 b5 46. Kc2 a5 47. Nf3 b4 48. Ne1 Be3 49. Nf3 Bf2 50. g4 Ke4 51. Nd2+ Kd5 52. Nf3 Be3 53. g5 Ke4 54. g6 Bh6 55. Ne5 Kd5 56. Nf7 Bg7 57. Ne5 Bh8 58. Nf7 Bf6 59. Ne5 Bg7 60. Kd2 b3 61. axb3 cxb3 62. Kc1 a4 63. Kb2 Ke4 64. Ka3 Bf8+ 65. Kb2 Kd5 66. Nd3 Kc4 67. Nb4 a3+ 68. Kxa3 Kxc3 0-1

[Event "Titled Tuesday intern op 28th Jan Early"]
[Site "Chess.com INT"]
[Date "2025.01.28"]
[Round "10"]
[White "Mousavi, Seyed Khalil"]
[Black "Campos Gomez, Manuel"]
[Result "1-0"]
[WhiteElo "2479"]
[BlackElo "2323"]
[PlyCount "119"]
[EventDate "2025.01.28"]
[EventType "swiss (blitz)"]
[EventRounds "11"]
[EventCountry "USA"]
[SourceTitle "CB06_2025"]
[SourceDate "2025.02.05"]
[SourceVersion "1"]
[SourceVersionDate "2025.02.05"]
[SourceQuality "1"]

1. e4 Nf6 2. Nc3 e5 3. Nf3 Nc6 4. Nd5 d6 5. d4 exd4 6. Nxd4 Be7 7. Bb5 Bd7 8. Nf5 Bxf5 9. exf5 0-0 10. 0-0 a6 11. Bc4 b5 12. Bb3 Na5 13. Nxf6+ Bxf6 14. Bd5 c6 15. Bf3 d5 16. a4 Nc4 17. c3 Qd6 18. g3 b4 19. cxb4 Qxb4 20. Rb1 Rfe8 21. b3 Rad8 22. Bf4 Ne5 23. Be2 a5 24. Rc1 d4 25. Bd3 c5 26. Bb5 Re7 27. Kg2 d3 28. Bd2 Qe4+ 29. f3 Qxf5 30. Bxa5 Rd5 31. Bc3 h5 32. h3 h4 33. g4 Qf4 34. Qd2 Qg3+ 35. Kh1 Nxf3 36. Qg2 Qxg2+ 37. Kxg2 d2 38. Rcd1 Bxc3 39. Rxf3 Re1 40. Rf1 Rde5 41. Bd3 Rxd1 42. Rxd1 Re1 43. Bc2 g6 44. Kf3 Kg7 45. g5 f6 46. Kg4 fxg5 47. Kxg5 Bf6+ 48. Kg4 Rxd1 49. Bxd1 Bc3 50. Kxh4 Kf6 51. Kg4 Ba5 52. Kf4 Bb4 53. Ke4 Ke6 54. Kd3 Ke5 55. Kc4 Kf4 56. Kb5 Kg3 57. a5 Kxh3 58. a6 g5 59. a7 g4 60. a8Q 1-0

[Event "Titled Tuesday intern op 28th Jan Early"]
[Site "Chess.com INT"]
[Date "2025.01.28"]
[Round "4"]
[White "Mousavi, Seyed Khalil"]
[Black "Pavlov, Nikolay1"]
[Result "1-0"]
[WhiteElo "2479"]
[BlackElo "2316"]
[PlyCount "71"]
[EventDate "2025.01.28"]
[EventType "swiss (blitz)"]
[EventRounds "11"]
[EventCountry "USA"]
[SourceTitle "CB06_2025"]
[SourceDate "2025.02.05"]
[SourceVersion "1"]
[SourceVersionDate "2025.02.05"]
[SourceQuality "1"]

1. e4 c6 2. d4 d5 3. e5 c5 4. Nf3 cxd4 5. Nxd4 Nc6 6. Nxc6 bxc6 7. Bd3 e6 8. Nd2 a5 9. Qe2 Ne7 10. Nf3 c5 11. c4 Nc6 12. cxd5 exd5 13. Bb5 Qb6 14. 0-0 Be7 15. e6 0-0 16. exf7+ Rxf7 17. h3 Ba6 18. a4 Bf6 19. Qe6 Bxb5 20. axb5 Qxb5 21. Bg5 Nb4 22. Bxf6 gxf6 23. Rfe1 Qd7 24. Qb6 Qc7 25. Qb5 Nc2 26. Re8+ Rxe8 27. Qxe8+ Rf8 28. Qe6+ Kg7 29. Rc1 Nb4 30. Nd4 Kh8 31. Nf5 Qe5 32. Qd7 Rg8 33. Nh6 Qg5 34. Nf7+ Kg7 35. Nxg5+ Kg6 36. Qxh7+ 1-0

[Event "Titled Tuesday intern op 28th Jan Early"]
[Site "Chess.com INT"]
[Date "2025.01.28"]
[Round "8"]
[White "Oparin, Grigoriy"]
[Black "Mousavi, Seyed Khalil"]
[Result "1-0"]
[WhiteElo "2660"]
[BlackElo "2479"]
[PlyCount "49"]
[EventDate "2025.01.28"]
[EventType "swiss (blitz)"]
[EventRounds "11"]
[EventCountry "USA"]
[SourceTitle "CB06_2025"]
[SourceDate "2025.02.05"]
[SourceVersion "1"]
[SourceVersionDate "2025.02.05"]
[SourceQuality "1"]

1. d4 Nf6 2. Nf3 b6 3. c4 Bb7 4. g3 g6 5. Bg2 Bg7 6. 0-0 0-0 7. Re1 e6 8. Bf4 d5 9. cxd5 Nxd5 10. Bg5 f6 11. Bd2 f5 12. Nc3 Nd7 13. Rc1 h6 14. Nh4 Kh7 15. e4 Nxc3 16. Bxc3 f4 17. d5 Bxc3 18. Rxc3 g5 19. dxe6 Nc5 20. Qxd8 Rfxd8 21. e7 Rd2 22. b4 Ne6 23. Nf5 a5 24. bxa5 Rxa5 25. e8Q 1-0

[Event "Yerevan Margaryan Memorial GM"]
[Site "Yerevan"]
[Date "2025.01.11"]
[Round "4"]
[White "Mousavi, Seyed Khalil"]
[Black "Sahakyan, Aleks"]
[Result "1-0"]
[WhiteElo "2479"]
[BlackElo "2409"]
[PlyCount "111"]
[EventDate "2025.01.08"]
[EventType "tourn"]
[EventRounds "9"]
[EventCountry "ARM"]
[EventCategory "7"]
[SourceTitle "CB04_2025"]
[SourceDate "2025.01.22"]
[SourceVersion "1"]
[SourceVersionDate "2025.01.22"]
[SourceQuality "1"]

1. e4 e5 2. Nf3 Nc6 3. Bc4 Nf6 4. d3 Bc5 5. Bg5 h6 6. Bh4 Be7 7. a4 0-0 8. Nbd2 d6 9. Bg3 Na5 10. Ba2 c5 11. c3 Nc6 12. 0-0 a6 13. Nc4 Be6 14. Ne3 Bxa2 15. Rxa2 b5 16. Nd2 b4 17. Nf5 Re8 18. f4 Bf8 19. fxe5 Nxe5 20. d4 cxd4 21. cxd4 Ng6 22. Qf3 Rc8 23. Raa1 Kh7 24. Rae1 Qd7 25. Re2 Qe6 26. Qd3 a5 27. d5 Qd7 28. Nc4 Ne5 29. Bxe5 dxe5 30. b3 Bc5+ 31. Kh1 Nh5 32. Qf3 Nf4 33. Rd2 f6 34. g3 Ng6 35. Nxa5 Bd4 36. Nc6 Bc3 37. Rd3 Nh8 38. Nfe7 Rc7 39. Rfd1 Nf7 40. Nf5 Ng5 41. Qe2 g6 42. Nh4 f5 43. exf5 gxf5 44. Rf1 f4 45. gxf4 exf4 46. Qc2 Kg8 47. Rdd1 Rf8 48. Qd3 Bg7 49. Ne7+ Qxe7 50. d6 Qd7 51. dxc7 Qxc7 52. Qd5+ Kh7 53. Nf3 Kg6 54. Rg1 Bf6 55. h4 Rd8 56. Qe4+ 1-0

[Event "Yerevan Margaryan Memorial GM"]
[Site "Yerevan"]
[Date "2025.01.08"]
[Round "1"]
[White "Mousavi, Seyed Khalil"]
[Black "Nazari, Arad"]
[Result "1-0"]
[WhiteElo "2479"]
[BlackElo "2409"]
[PlyCount "65"]
[EventDate "2025.01.08"]
[EventType "tourn"]
[EventRounds "9"]
[EventCountry "ARM"]
[EventCategory "7"]
[SourceTitle "CB04_2025"]
[SourceDate "2025.01.22"]
[SourceVersion "1"]
[SourceVersionDate "2025.01.22"]
[SourceQuality "1"]

1. e4 c5 2. Nf3 d6 3. d4 cxd4 4. Nxd4 Nf6 5. Nc3 a6 6. Bg5 e6 7. Qe2 h6 8. Bh4 Be7 9. 0-0-0 Nbd7 10. f4 Qc7 11. g4 b5 12. Bg2 Rb8 13. e5 b4 14. exf6 bxc3 15. fxe7 Rxb2 16. Nb3 Rxa2 17. Kb1 Rb2+ 18. Ka1 d5 19. Rb1 Qxf4 20. Rxb2 cxb2+ 21. Kb1 h5 22. Rf1 Qxg4 23. Qf2 f6 24. Nd4 e5 25. Nf5 g5 26. Bxg5 Qxg5 27. Bxd5 Qf4 28. Qg1 Qg4 29. Qa7 Qa4 30. Ba2 Qc6 31. Qg1 Nc5 32. Qg7 Bxf5 33. Qf7+ 1-0

[Event "Titled Tuesday intern op 05th Mar Early"]
[Site "Chess.com INT"]
[Date "2024.03.05"]
[Round "8"]
[White "Duda, Jan Krzysztof"]
[Black "Mousavi, Seyed Khalil"]
[Result "1-0"]
[WhiteElo "2731"]
[BlackElo "2501"]
[PlyCount "51"]
[EventDate "2024.03.05"]
[EventType "swiss (blitz)"]
[EventRounds "11"]
[EventCountry "USA"]
[SourceTitle "EXT 2025"]
[Source "ChessBase"]
[SourceDate "2024.10.14"]
[SourceVersion "1"]
[SourceVersionDate "2024.10.14"]
[SourceQuality "1"]

1. e4 e5 2. Nf3 Nc6 3. Bc4 Nf6 4. d3 Bc5 5. c3 d6 6. 0-0 a6 7. a4 h6 8. Re1 Ba7 9. b4 0-0 10. h3 Ne7 11. d4 Ng6 12. Bf1 Re8 13. Nbd2 d5 14. exd5 e4 15. Nh2 Nxd5 16. Qb3 Nxc3 17. Bc4 Be6 18. Qxc3 Bxd4 19. Qa3 Bxa1 20. Qxa1 Nf4 21. Nxe4 Nxg2 22. Bxh6 gxh6 23. Kxg2 Bxc4 24. Nf6+ Qxf6 25. Rxe8+ Rxe8 26. Qxf6 1-0

[Event "Titled Tuesday intern op 05th Mar Early"]
[Site "Chess.com INT"]
[Date "2024.03.05"]
[Round "2"]
[White "Eilenberg, Jonas"]
[Black "Mousavi, Seyed Khalil"]
[Result "0-1"]
[WhiteElo "2303"]
[BlackElo "2501"]
[PlyCount "62"]
[EventDate "2024.03.05"]
[EventType "swiss (blitz)"]
[EventRounds "11"]
[EventCountry "USA"]
[SourceTitle "EXT 2025"]
[Source "ChessBase"]
[SourceDate "2024.10.14"]
[SourceVersion "1"]
[SourceVersionDate "2024.10.14"]
[SourceQuality "1"]

1. d4 d5 2. c4 e6 3. Nc3 Nf6 4. cxd5 exd5 5. Bg5 c6 6. e3 h6 7. Bh4 Be7 8. Bd3 0-0 9. Nge2 Ne8 10. Bg3 Nd6 11. Qd2 Nd7 12. a4 Re8 13. a5 Nf6 14. Qc2 Bf8 15. 0-0 Bg4 16. Rae1 Bxe2 17. Rxe2 Nfe4 18. a6 b5 19. Bxe4 dxe4 20. Bxd6 Bxd6 21. Nxe4 Bxh2+ 22. Kxh2 Qh4+ 23. Kg1 Rxe4 24. Qxc6 Rae8 25. Rc1 R8e6 26. Qa8+ Kh7 27. Rc8 Rxd4 28. Rc1 Rg4 29. Qxa7 Rxg2+ 30. Kxg2 Rg6+ 31. Kf3 Qg4# 0-1

[Event "Titled Tuesday intern op 05th Mar Early"]
[Site "Chess.com INT"]
[Date "2024.03.05"]
[Round "4"]
[White "Mousavi, Seyed Khalil"]
[Black "Narayanan, Sunilduth Lyna"]
[Result "0-1"]
[WhiteElo "2501"]
[BlackElo "2695"]
[PlyCount "70"]
[EventDate "2024.03.05"]
[EventType "swiss (blitz)"]
[EventRounds "11"]
[EventCountry "USA"]
[SourceTitle "EXT 2025"]
[Source "ChessBase"]
[SourceDate "2024.10.14"]
[SourceVersion "1"]
[SourceVersionDate "2024.10.14"]
[SourceQuality "1"]

1. e4 g6 2. d4 Bg7 3. Nc3 a6 4. f4 d5 5. e5 Nh6 6. Bd3 f6 7. Nf3 Bg4 8. h3 Bxf3 9. Qxf3 e6 10. Be3 0-0 11. exf6 Qxf6 12. g4 Nf7 13. 0-0-0 c5 14. dxc5 Nc6 15. h4 Nfe5 16. Qe2 Nxd3+ 17. Rxd3 Qf7 18. Bd2 e5 19. f5 e4 20. Rdh3 Nd4 21. Qd1 gxf5 22. gxf5 Nxf5 23. h5 Kh8 24. Kb1 Rae8 25. h6 Be5 26. Ne2 d4 27. Rf1 Qe6 28. Nf4 Qc6 29. Qg4 d3 30. cxd3 Qb5 31. Bc1 e3 32. Qe2 Qxc5 33. Ng2 Nd4 34. Rxf8+ Rxf8 35. Bxe3 Rf1+ 0-1

[Event "Titled Tuesday intern op 05th Dec Late"]
[Site "Chess.com INT"]
[Date "2023.12.05"]
[Round "5"]
[White "Suder, Jakub"]
[Black "Mousavi, Seyed Khalil"]
[Result "0-1"]
[WhiteElo "2312"]
[BlackElo "2501"]
[PlyCount "48"]
[EventDate "2023.12.05"]
[EventType "swiss (blitz)"]
[EventRounds "11"]
[EventCountry "USA"]
[SourceTitle "EXT 2025"]
[Source "ChessBase"]
[SourceDate "2024.10.14"]
[SourceVersion "1"]
[SourceVersionDate "2024.10.14"]
[SourceQuality "1"]

1. d4 Nf6 2. c4 e6 3. Nc3 Bb4 4. f3 c5 5. d5 b5 6. e4 bxc4 7. Bxc4 exd5 8. Bxd5 Nxd5 9. Qxd5 Nc6 10. Nge2 Ba6 11. Kf2 0-0 12. Be3 Qe7 13. Rhd1 Ne5 14. Kg1 Nc4 15. Bg5 Qe6 16. b3 Nb2 17. Rdb1 Nd3 18. a3 Ba5 19. b4 Bb6 20. b5 c4+ 21. Kf1 Bb7 22. Qxb7 Qe5 23. Nd5 Qxg5 24. Nxb6 Qe3 0-1

[Event "Titled Tuesday intern op 05th Dec Early"]
[Site "Chess.com INT"]
[Date "2023.12.05"]
[Round "4"]
[White "Vovk, Orest"]
[Black "Mousavi, Seyed Khalil"]
[Result "0-1"]
[WhiteElo "2315"]
[BlackElo "2501"]
[PlyCount "52"]
[EventDate "2023.12.05"]
[EventType "swiss (blitz)"]
[EventRounds "11"]
[EventCountry "USA"]
[SourceTitle "EXT 2025"]
[Source "ChessBase"]
[SourceDate "2024.10.14"]
[SourceVersion "1"]
[SourceVersionDate "2024.10.14"]
[SourceQuality "1"]

1. h4 e5 2. h5 d5 3. h6 Nxh6 4. d4 exd4 5. Bxh6 gxh6 6. Qxd4 Rg8 7. Nc3 Bg7 8. Qf4 Be6 9. 0-0-0 c6 10. e4 d4 11. e5 Qa5 12. Qxd4 Bxe5 13. Qd2 Nd7 14. Nf3 Bxc3 15. Qxc3 Qxa2 16. b3 0-0-0 17. Rxh6 Nb6 18. Rxd8+ Rxd8 19. Bd3 Nd5 20. Qb2 Qa5 21. Rxh7 Nf4 22. Bf1 Bg4 23. b4 Qg5 24. Qg7 Nd3+ 25. Kb1 Qc1+ 26. Ka2 Be6+ 0-1